000
00313nam a22001217a 4500
008
230620b xxu||||| |||| 00| 0 eng d
020
_a
9231030930
082
_a
321.80
_b
UNE 1995
245
_a
Culture of Democracy: A Challenge for Schools
260
_b
UNESCO Publishers
_c
1995
300
_a
143p
942
_2
ddc
_c
BK
999
_c
1821
_d
1821